000
00328cam a2200133ua 4500
003
OSt
008
210310b ||||| |||| 00| 0 eng d
082
_a
028.74624
_b
CHI/EN
245
_a
Engineering problems of regional soils
250
_a
1 /
260
_a
Oxford :
_b
Pergamon Press ,
_c
1989.
300
_a
792 ; .
942
_c
BK
999
_c
6737
_d
6737